000 00609nam a22001577a 4500
003 OSt
005 20190904153946.0
008 190904b xxu||||| |||| 00| 0 eng d
040 _cRUA
082 _aAGR YO 2017 B646 Or.1
100 _913910
_aYO CHANTHA យូ ចាន្ថា
245 _aeffect of organic mulch on yield of lectuce ( Lactuca Sativa L.)ឥទ្ធពលគម្របសរីរាង្គទៅលើការលូតលាស់និងទិន្នផលដំណាំសាលាដ
260 _aRUA
_bphnom penh
_c2017
300 _ax;34p
_bill;
_c29cm
942 _2ddc
_cAGR
999 _c18236
_d18236